000 00336nam a2200145Ia 4500
008 150201s2009 xx 000 0 und d
082 _a617.3
_bO09M
100 _aMAHESHWARI, J.
245 _aESSENTIAL ORTHOPEDICS
250 _a3RD
260 _bMEHTA
_aDELHI
_c2009
300 _a1-330
650 _aORTHOPAEDICS
942 _2ddc
_cBK
_0128
999 _c335
_d335